| 000 | 00666nam a2200205 i 4500 | ||
|---|---|---|---|
| 001 | 101850 | ||
| 003 | ES-MaACL | ||
| 005 | 20251120144415.0 | ||
| 007 | t| | ||
| 008 | 051026s1944 ag ||||1| spa d | ||
| 100 | 1 |
_aMelville, Herman. _980033 |
|
| 245 | 1 | 0 |
_aBartleby / _cHerman Melville; prólogo y versión directa del inglés por Jorge Luis Borges. |
| 260 |
_aBuenos Aires : _bEmecé, _c1944. |
||
| 300 |
_a81 p. ; _c19 cm. |
||
| 490 | 1 |
_aCuadernos de la quimera ; _v1 |
|
| 700 | 1 |
_aBorges, Jorge Luis, _d1899-1986 _9242526 |
|
| 830 | 0 |
_aCuadernos de la quimera ; _v1 _9181477 |
|
| 852 |
_aES-MaACL _j1898-F-4 _bR.27224 |
||
| 999 |
_c101850 _d101850 |
||